| 000 | 00789nam a2200205Ia 4500 | ||
|---|---|---|---|
| 999 |
_c34578 _d34578 |
||
| 001 | 339 | ||
| 003 | GE_BSU | ||
| 005 | 20210222142419.0 | ||
| 008 | 181216s||||||||xx |||||||||||||| ||und|| | ||
| 040 | _cGE_BSU | ||
| 041 | _ageo | ||
| 080 | _a911.3;33(5-011) გ–23 | ||
| 100 |
_aგაჩეჩილაძე, რევაზ _96988 |
||
| 245 |
_aახლო აღმოსავლეთი : _bეკონომ.- გეოგრ. მიმოხილვა / _cრევაზ გაჩეჩილაძე. |
||
| 264 |
_aთბილისი : _bსაბჭოთა საქართველო, _c1977. |
||
| 300 |
_a122 გვ. _b ილ. ; _c20სმ. |
||
| 653 | _aახლო აღმოსავლეთი | ||
| 653 | _aისტორია | ||
| 942 |
_cBK _2udc |
||